000 00470nam a2200181Ia 4500
001 20403
005 20260306172803.0
008 260306t2015||||xx |||||||||||||| ||spa||
041 _aESP
082 _a343.2C13
_bM97 2015 T. 2
100 _aMuro Rojo, Manuel
_eAUT
245 0 _aLa constitución comentada:
_banálisis artículo por artículo
260 _c2015
300 _a799 páginas :
_c25 cm.
650 _aGEN
654 _aCDE
942 _cLIB
_dJUS
_fJUS
_2ddc
_n
999 _c20403
_d20403